Informe final de auditoría financiera y de gestión. Administradora de riegos de salud para los maestros (ARS-SEMMA) (Record no. 8131)

MARC details
000 -LEADER
campo de control de longitud fija 00467nam a2200133Ia 4500
001 - NÚMERO DE CONTROL
campo de control 3098
008 - DATOS DE LONGITUD FIJA--INFORMACIÓN GENERAL
campo de control de longitud fija 241024s9999 xx 000 0 und d
082 ## - NÚMERO DE LA CLASIFICACIÓN DECIMAL DEWEY
Número de clasificación RD/610/R426i/2010
100 ## - ENTRADA PRINCIPAL--NOMBRE DE PERSONA
Nombre de persona República Dominicana.Cámara de cuentas
245 #0 - MENCIÓN DEL TÍTULO
Título Informe final de auditoría financiera y de gestión. Administradora de riegos de salud para los maestros (ARS-SEMMA)
260 ## - PUBLICACIÓN, DISTRIBUCIÓN, ETC.
Nombre del editor, distribuidor, etc. Santo Domingo, República Dominicana
Fecha de publicación, distribución, etc. 2010
901 ## - ELEMENTOS DE DATOS A LOCAL LDA (RLIN)
a 31/7/2013 8:20:43 a.m.

No items available.

© 2024. Todos los Derechos Reservados. Desarrollado por IDEICE